00693nam a2200145Ia 4500008004100000050002400041100003800065245017400103260008600277300002800363521002300391942000700414999001900421952010700440140724s9999 xx 000 0 und d aPN 4700b.D346 2009 aDe Leon, Martin Joseph Antonio V. aExploring the effectiveness of online advertisement as perceived by College Students of Southville International School and Colleges /cMartin Joseph Antonio V. De Leon. aLas Piñas, Philippines :bSouthville International School and Colleges,cc2009. a57 p. :bill. ;c28 cm. aMass Communication cTH c228873d228873 001040aCLbCLcTHESESd2014-07-24l0oPN 4700 .D346 2009pT0227r2018-05-15 00:00:00w2014-07-24yTH